000 01060nam a22002657a 4500
001 6181
003 FISKH
005 20250324161124.0
008 250324b cb ||||| |||| 00| 0 eng d
020 _a9781472349019
040 _aFISKH
_beng
_cFISKH
_dFISKH
050 _aDT61 .P7603
082 _a932
100 _aRicart, Joan
245 _aAncient Egypt :
_bCivilizations of the Nile valley from pharaohs to farmers /
_cBy Joan Ricart
250 _aThis edition published in 2014
260 _aUK :
_bParragon Book Ltd ;
_c2014.
300 _a223 pages :
_bcolor illustrations ;
_c28 cm .
520 _aPresents one of history's most remarkable civilizations. Explores how ancient Egyptian society was organized, everyday life, religion, mythology, art, and more. Includes over 250 gorgeous photographs of art, artefacts and architecture, plus striking 3D illustrations
650 _aAncient civilizations
_vNon-fiction
650 _aHistory of medicine
_vNon-fiction
700 _aRibot, Susana
_eDesigner
942 _2ddc
_cBK
_n0
999 _c6181
_d6181